[Event "Deutsche Blitz-Einzelmeisterschaft der Frauen 2021"]
[Site "Magdeburg"]
[Date "2021.08.01"]
[Round "11"]
[Board "7"]
[White "Zeller, Elisa"]
[Black "Ries, Jutta"]
[Result "0-1"]
[WhiteElo "1917"]
[BlackElo "2094"]
[PlyCount "0"]
[EventDate "2021.08.01"]
[EventRounds "21"]
[EventCountry "GER"]

1. e4 {[%clk 0:03:03]} Nf6 {[%clk 0:03:04]} 2. Nc3 {[%clk 0:03:01]} d5 {[%clk
0:03:05]} 3. exd5 {[%clk 0:03:02]} Nxd5 {[%clk 0:03:05]} 4. Nxd5 {[%clk 0:03:02]}
Qxd5 {[%clk 0:03:06]} 5. Nf3 {[%clk 0:03:01]} Bf5 {[%clk 0:03:01]} 6. d3 {[%clk
0:02:53]} e5 {[%clk 0:03:01]} 7. Be2 {[%clk 0:03:02]} Bc5 {[%clk 0:03:02]} 8. O-O
{[%clk 0:03:02]} O-O {[%clk 0:03:02]} 9. Be3 {[%clk 0:02:57]} Bxe3 {[%clk
0:02:44]} 10. fxe3 {[%clk 0:02:58]} e4 {[%clk 0:02:45]} 11. Nd4 {[%clk 0:02:49]}
Bg6 {[%clk 0:02:40]} 12. c4 {[%clk 0:02:38]} Qe5 {[%clk 0:02:37]} 13. dxe4 {[%clk
0:02:34]} Qxe4 {[%clk 0:02:24]} 14. Qd2 {[%clk 0:02:18]} Re8 {[%clk 0:02:20]} 15.
Rf3 {[%clk 0:02:16]} Na6 {[%clk 0:02:19]} 16. Rg3 {[%clk 0:01:47]} c6 {[%clk
0:02:07]} 17. Re1 {[%clk 0:01:44]} Rad8 {[%clk 0:02:07]} 18. Bf3 {[%clk 0:01:41]}
Qe7 {[%clk 0:02:04]} 19. Qc3 {[%clk 0:01:32]} Nc5 {[%clk 0:01:58]} 20. b4 {[%clk
0:01:18]} Ne4 {[%clk 0:01:57]} 21. Bxe4 {[%clk 0:01:18]} Qxe4 {[%clk 0:01:58]}
22. a3 {[%clk 0:01:00]} Rxd4 {[%clk 0:01:43]} 23. Qxd4 {[%clk 0:00:30]} Qxd4
{[%clk 0:01:44]} 24. exd4 {[%clk 0:00:31]} Rxe1+ {[%clk 0:01:44]} 25. Kf2 {[%clk
0:00:31]} Rd1 {[%clk 0:01:28]} 26. Re3 {[%clk 0:00:32]} Kf8 {[%clk 0:01:27]} 27.
Kg3 {[%clk 0:00:16]} Rxd4 {[%clk 0:01:27]} 28. h4 {[%clk 0:00:14]} h5 {[%clk
0:01:28]} 29. c5 {[%clk 0:00:13]} Rd3 {[%clk 0:01:23]}  0-1

[Event "Deutsche Blitz-Einzelmeisterschaft der Frauen 2021"]
[Site "Magdeburg"]
[Date "2021.08.01"]
[Round "11"]
[Board "9"]
[White "Zschischang, Marine"]
[Black "Moenster, Madita"]
[Result "0-1"]
[WhiteElo "2034"]
[BlackElo "1889"]
[PlyCount "0"]
[EventDate "2021.08.01"]
[EventRounds "21"]
[EventCountry "GER"]

1. d4 {[%clk 0:03:04]} Nf6 {[%clk 0:03:03]} 2. Nf3 {[%clk 0:03:04]} d5 {[%clk
0:03:04]} 3. c4 {[%clk 0:03:05]} e6 {[%clk 0:03:04]} 4. Nc3 {[%clk 0:03:06]} Bb4
{[%clk 0:03:05]} 5. a3 {[%clk 0:02:57]} Bxc3+ {[%clk 0:03:04]} 6. bxc3 {[%clk
0:02:58]} c5 {[%clk 0:03:00]} 7. e3 {[%clk 0:02:58]} O-O {[%clk 0:02:59]} 8. Ne5
{[%clk 0:02:54]} b6 {[%clk 0:02:50]} 9. cxd5 {[%clk 0:02:45]} exd5 {[%clk
0:02:50]} 10. Bd3 {[%clk 0:02:50]} Qc7 {[%clk 0:02:45]} 11. O-O {[%clk 0:02:48]}
Nbd7 {[%clk 0:02:41]} 12. f4 {[%clk 0:02:40]} Ne4 {[%clk 0:02:29]} 13. Bb2 {[%clk
0:02:21]} cxd4 {[%clk 0:02:22]} 14. cxd4 {[%clk 0:02:19]} Bb7 {[%clk 0:02:09]}
15. Rc1 {[%clk 0:02:02]} Qd6 {[%clk 0:02:02]} 16. Bxe4 {[%clk 0:01:36]} dxe4
{[%clk 0:02:02]} 17. Qa4 {[%clk 0:01:37]} Nf6 {[%clk 0:01:56]} 18. Bc3 {[%clk
0:01:32]} Nd5 {[%clk 0:01:50]} 19. Bd2 {[%clk 0:01:24]} f6 {[%clk 0:01:37]} 20.
Nc4 {[%clk 0:01:06]} Qe6 {[%clk 0:01:30]} 21. Bb4 {[%clk 0:01:02]} Rfd8 {[%clk
0:01:20]} 22. Qb3 {[%clk 0:00:51]} a5 {[%clk 0:01:17]} 23. Bd2 {[%clk 0:00:48]}
Ba6 {[%clk 0:01:15]} 24. Rfe1 {[%clk 0:00:40]} Rac8 {[%clk 0:01:05]} 25. h3
{[%clk 0:00:32]} Nxe3 {[%clk 0:00:47]} 26. Bxe3 {[%clk 0:00:11]} Bxc4 {[%clk
0:00:47]} 27. Qb2 {[%clk 0:00:10]} b5 {[%clk 0:00:46]} 28. Rc3 {[%clk 0:00:09]}
Qd5 {[%clk 0:00:37]} 29. Rec1 {[%clk 0:00:10]} Rb8 {[%clk 0:00:43]} 30. Qd2
{[%clk 0:00:09]} Rdc8 {[%clk 0:00:42]} 31. R3c2 {[%clk 0:00:09]} b4 {[%clk
0:00:41]} 32. axb4 {[%clk 0:00:06]} axb4 {[%clk 0:00:43]} 33. Rb2 {[%clk
0:00:06]} b3 {[%clk 0:00:41]} 34. Qc3 {[%clk 0:00:05]} Rb7 {[%clk 0:00:36]} 35.
Bf2 {[%clk 0:00:06]} Ra7 {[%clk 0:00:33]} 36. Be3 {[%clk 0:00:06]} Ra2 {[%clk
0:00:31]} 37. Bf2 {[%clk 0:00:04]} Ba6 {[%clk 0:00:18]} 38. Qd2 {[%clk 0:00:05]}
Rxc1+ {[%clk 0:00:17]} 39. Qxc1 {[%clk 0:00:06]} Qa5 {[%clk 0:00:17]} 40. Rxb3
{[%clk 0:00:06]} Ra1 {[%clk 0:00:07]} 41. Rb1 {[%clk 0:00:07]} Ra2 {[%clk
0:00:08]} 42. Rb8+ {[%clk 0:00:07]} Kf7 {[%clk 0:00:09]} 43. Rb2 {[%clk 0:00:07]}
Ra3 {[%clk 0:00:08]} 44. Qc2 {[%clk 0:00:06]} Bd3 {[%clk 0:00:07]} 45. Rb7+
{[%clk 0:00:06]} Kg6 {[%clk 0:00:08]} 46. Qd2 {[%clk 0:00:05]} Qxd2 {[%clk
0:00:00]} 47. f5+ {[%clk 0:00:03]} Kg5 {[%clk 0:00:09]} 48. h4+ {[%clk 0:00:04]}
Kh5 {[%clk 0:00:10]} 49. Rxg7 {[%clk 0:00:04]} Ra1+ {[%clk 0:00:11]} 50. Kh2
{[%clk 0:00:05]} Qxf2 {[%clk 0:00:12]} 51. Rxh7+ {[%clk 0:00:05]} Kg4 {[%clk
0:00:13]} 52. Rg7+ {[%clk 0:00:06]} Kf4 {[%clk 0:00:14]} 53. h5 {[%clk 0:00:05]}
Qg1+ {[%clk 0:00:15]} 54. Kh3 {[%clk 0:00:07]} Qh1# {[%clk 0:00:15]}  0-1

[Event "Deutsche Blitz-Einzelmeisterschaft der Frauen 2021"]
[Site "Magdeburg"]
[Date "2021.08.01"]
[Round "11"]
[Board "10"]
[White "Mader, Lena"]
[Black "Michna, Marta"]
[Result "0-1"]
[WhiteElo "1689"]
[BlackElo "2416"]
[PlyCount "0"]
[EventDate "2021.08.01"]
[EventRounds "21"]
[EventCountry "GER"]

1. c4 {[%clk 0:03:03]} Nf6 {[%clk 0:03:03]} 2. Nf3 {[%clk 0:02:55]} d6 {[%clk
0:03:04]} 3. g3 {[%clk 0:02:55]} e5 {[%clk 0:03:04]} 4. d3 {[%clk 0:03:04]} Be7
{[%clk 0:03:04]} 5. Nc3 {[%clk 0:03:05]} O-O {[%clk 0:03:04]} 6. Bg2 {[%clk
0:03:07]} c6 {[%clk 0:03:05]} 7. O-O {[%clk 0:03:06]} Be6 {[%clk 0:02:46]} 8. Rb1
{[%clk 0:02:59]} Qc8 {[%clk 0:02:47]} 9. b4 {[%clk 0:02:53]} Bh3 {[%clk 0:02:47]}
10. b5 {[%clk 0:02:44]} Bxg2 {[%clk 0:02:46]} 11. Kxg2 {[%clk 0:02:46]} Nbd7
{[%clk 0:02:44]} 12. a4 {[%clk 0:02:35]} Nc5 {[%clk 0:02:32]} 13. Be3 {[%clk
0:02:31]} Nfd7 {[%clk 0:02:30]} 14. Qc2 {[%clk 0:02:16]} g6 {[%clk 0:02:18]} 15.
Rb2 {[%clk 0:02:07]} f5 {[%clk 0:02:01]} 16. Rfb1 {[%clk 0:02:00]} f4 {[%clk
0:01:58]} 17. Bxc5 {[%clk 0:01:59]} Nxc5 {[%clk 0:01:59]} 18. bxc6 {[%clk
0:01:55]} bxc6 {[%clk 0:02:00]} 19. d4 {[%clk 0:01:50]} exd4 {[%clk 0:01:56]} 20.
Nxd4 {[%clk 0:01:51]} Bf6 {[%clk 0:01:46]} 21. Nf3 {[%clk 0:01:38]} Qe6 {[%clk
0:01:37]} 22. Rb4 {[%clk 0:01:24]} a5 {[%clk 0:01:30]} 23. Rb6 {[%clk 0:01:21]}
Qxc4 {[%clk 0:01:31]} 24. Rc1 {[%clk 0:01:05]} Rac8 {[%clk 0:01:25]} 25. Nd2
{[%clk 0:00:50]} Qd4 {[%clk 0:00:55]} 26. Nf3 {[%clk 0:00:47]} Qc4 {[%clk
0:00:51]} 27. Nd2 {[%clk 0:00:48]} Qe6 {[%clk 0:00:46]} 28. Nf3 {[%clk 0:00:46]}
Bxc3 {[%clk 0:00:33]} 29. Qxc3 {[%clk 0:00:46]} Nxa4 {[%clk 0:00:35]} 30. Qb3
{[%clk 0:00:41]} Qxb3 {[%clk 0:00:34]} 31. Rxb3 {[%clk 0:00:42]} Nc5 {[%clk
0:00:36]} 32. Ra3 {[%clk 0:00:40]} a4 {[%clk 0:00:37]} 33. Nd4 {[%clk 0:00:37]}
Rf7 {[%clk 0:00:30]} 34. Rcc3 {[%clk 0:00:33]} fxg3 {[%clk 0:00:27]} 35. hxg3
{[%clk 0:00:34]} Rfc7 {[%clk 0:00:28]} 36. Re3 {[%clk 0:00:30]} Ra8 {[%clk
0:00:22]} 37. g4 {[%clk 0:00:24]} Kf8 {[%clk 0:00:14]} 38. f3 {[%clk 0:00:19]}
Ra6 {[%clk 0:00:15]} 39. Kg3 {[%clk 0:00:17]} Re7 {[%clk 0:00:17]} 40. Rec3
{[%clk 0:00:15]} Kf7 {[%clk 0:00:18]} 41. e4 {[%clk 0:00:12]} Ne6 {[%clk
0:00:11]} 42. Nxe6 {[%clk 0:00:04]} Kxe6 {[%clk 0:00:11]} 43. f4  0-1

[Event "Deutsche Blitz-Einzelmeisterschaft der Frauen 2021"]
[Site "Magdeburg"]
[Date "2021.08.01"]
[Round "11"]
[Board "11"]
[White "Schneider, Birgit"]
[Black "Zimmer, Elke"]
[Result "0-1"]
[WhiteElo "1993"]
[BlackElo "1872"]
[PlyCount "0"]
[EventDate "2021.08.01"]
[EventRounds "21"]
[EventCountry "GER"]

1. e4 {[%clk 0:03:03]} c6 {[%clk 0:03:04]} 2. d4 {[%clk 0:02:54]} d5 {[%clk
0:03:05]} 3. exd5 {[%clk 0:03:04]} cxd5 {[%clk 0:03:06]} 4. c4 {[%clk 0:03:05]}
Nf6 {[%clk 0:02:59]} 5. Nc3 {[%clk 0:03:05]} e6 {[%clk 0:02:56]} 6. Nf3 {[%clk
0:03:05]} Nc6 {[%clk 0:02:56]} 7. cxd5 {[%clk 0:03:05]} Nxd5 {[%clk 0:02:57]} 8.
Bd3 {[%clk 0:03:06]} Bb4 {[%clk 0:02:50]} 9. Bd2 {[%clk 0:02:56]} Nxc3 {[%clk
0:02:41]} 10. bxc3 {[%clk 0:02:57]} Be7 {[%clk 0:02:51]} 11. O-O {[%clk 0:02:56]}
O-O {[%clk 0:02:51]} 12. Rc1 {[%clk 0:02:47]} Bf6 {[%clk 0:02:48]} 13. Qe2 {[%clk
0:02:50]} g6 {[%clk 0:02:41]} 14. Bh6 {[%clk 0:02:45]} Bg7 {[%clk 0:02:40]} 15.
Bg5 {[%clk 0:02:46]} Qc7 {[%clk 0:02:41]} 16. Qd2 {[%clk 0:02:04]} b6 {[%clk
0:02:40]} 17. Bh6 {[%clk 0:01:56]} Bb7 {[%clk 0:02:41]} 18. Bxg7 {[%clk 0:01:56]}
Kxg7 {[%clk 0:02:42]} 19. Rfe1 {[%clk 0:01:53]} Ne7 {[%clk 0:02:31]} 20. Ne5
{[%clk 0:01:38]} Rac8 {[%clk 0:02:28]} 21. Ng4 {[%clk 0:01:20]} f6 {[%clk
0:01:50]} 22. Qh6+ {[%clk 0:00:49]} Kh8 {[%clk 0:01:37]} 23. Rxe6 {[%clk
0:00:47]} Ng8 {[%clk 0:01:32]} 24. Qh3 {[%clk 0:00:34]} Qd7 {[%clk 0:01:25]} 25.
Re3 {[%clk 0:00:30]} f5 {[%clk 0:01:04]} 26. Ne5 {[%clk 0:00:30]} Qg7 {[%clk
0:00:39]} 27. Rce1 {[%clk 0:00:31]} Rxc3 {[%clk 0:00:38]} 28. Bf1 {[%clk
0:00:26]} Rxe3 {[%clk 0:00:37]} 29. fxe3 {[%clk 0:00:27]} Nf6 {[%clk 0:00:34]}
30. Rc1 {[%clk 0:00:18]} Ne4 {[%clk 0:00:27]} 31. Qg3 {[%clk 0:00:24]} Nxg3
{[%clk 0:00:24]} 32. hxg3 {[%clk 0:00:15]} Re8 {[%clk 0:00:23]} 33. Kf2 {[%clk
0:00:23]} Rxe5 {[%clk 0:00:24]} 34. dxe5 {[%clk 0:00:24]} Qxe5 {[%clk 0:00:25]}
35. Be2 {[%clk 0:00:23]} Be4 {[%clk 0:00:21]} 36. Rc8+ {[%clk 0:00:23]} Kg7
{[%clk 0:00:22]} 37. Bc4 {[%clk 0:00:22]} Qb2+ {[%clk 0:00:21]} 38. Kg1 {[%clk
0:00:21]} Qxg2# {[%clk 0:00:21]}  0-1

[Event "Deutsche Blitz-Einzelmeisterschaft der Frauen 2021"]
[Site "Magdeburg"]
[Date "2021.08.01"]
[Round "12"]
[Board "1"]
[White "Wulf, Constanze"]
[Black "Zimmer, Elke"]
[Result "0-1"]
[WhiteElo "1817"]
[BlackElo "1872"]
[PlyCount "0"]
[EventDate "2021.08.01"]
[EventRounds "21"]
[EventCountry "GER"]

1. e4 {[%clk 0:03:03]} c6 {[%clk 0:03:04]} 2. d4 {[%clk 0:02:59]} d5 {[%clk
0:03:05]} 3. e5 {[%clk 0:02:51]} Bf5 {[%clk 0:03:05]} 4. h4 {[%clk 0:02:51]} Bd7
{[%clk 0:02:54]} 5. Bd3 {[%clk 0:02:41]} e6 {[%clk 0:02:55]} 6. Nf3 {[%clk
0:02:38]} c5 {[%clk 0:02:56]} 7. c3 {[%clk 0:02:38]} Nc6 {[%clk 0:02:57]} 8. Nbd2
{[%clk 0:02:25]} Qb6 {[%clk 0:02:57]} 9. Qb3 {[%clk 0:01:34]} c4 {[%clk 0:02:28]}
10. Qxb6 {[%clk 0:01:34]} axb6 {[%clk 0:02:29]} 11. Bc2 {[%clk 0:01:33]} b5
{[%clk 0:02:26]} 12. b3 {[%clk 0:01:19]} Nge7 {[%clk 0:02:18]} 13. O-O {[%clk
0:01:12]} Nf5 {[%clk 0:02:18]} 14. Bxf5 {[%clk 0:01:10]} exf5 {[%clk 0:02:19]}
15. b4 {[%clk 0:01:03]} Be7 {[%clk 0:02:14]} 16. Re1 {[%clk 0:01:01]} Be6 {[%clk
0:02:04]} 17. Nf1 {[%clk 0:01:02]} O-O {[%clk 0:02:06]} 18. a3 {[%clk 0:00:51]}
Ra4 {[%clk 0:02:05]} 19. Bg5 {[%clk 0:00:47]} Rfa8 {[%clk 0:02:01]} 20. Bxe7
{[%clk 0:00:34]} Nxe7 {[%clk 0:02:01]} 21. Ne3 {[%clk 0:00:26]} Rxa3 {[%clk
0:02:01]} 22. Rxa3 {[%clk 0:00:15]} Rxa3 {[%clk 0:02:02]} 23. Rc1 {[%clk
0:00:27]} h6 {[%clk 0:01:50]} 24. Ne1 {[%clk 0:00:21]} f4 {[%clk 0:01:38]} 25.
Nf1 {[%clk 0:00:14]} Bg4 {[%clk 0:01:29]} 26. Nh2 {[%clk 0:00:14]} Be2 {[%clk
0:01:02]} 27. Nhf3 {[%clk 0:00:12]} Nf5 {[%clk 0:00:51]} 28. Kh2 {[%clk 0:00:09]}
h5 {[%clk 0:00:48]} 29. g3 {[%clk 0:00:09]} fxg3+ {[%clk 0:00:46]} 30. fxg3
{[%clk 0:00:10]} Ne3 {[%clk 0:00:43]} 31. Ng5 {[%clk 0:00:09]} Ng4+ {[%clk
0:00:40]} 32. Kg2 {[%clk 0:00:10]} Kf8 {[%clk 0:00:28]} 33. Rc2 {[%clk 0:00:09]}
Bd3 {[%clk 0:00:29]} 34. Nxd3 {[%clk 0:00:10]} cxd3 {[%clk 0:00:30]} 35. Rc1
{[%clk 0:00:10]} Ra2+ {[%clk 0:00:29]} 36. Kf3 {[%clk 0:00:09]} Rf2# {[%clk
0:00:25]}  0-1

[Event "Deutsche Blitz-Einzelmeisterschaft der Frauen 2021"]
[Site "Magdeburg"]
[Date "2021.08.01"]
[Round "12"]
[Board "2"]
[White "Michna, Marta"]
[Black "Schneider, Birgit"]
[Result "1-0"]
[WhiteElo "2416"]
[BlackElo "1993"]
[PlyCount "0"]
[EventDate "2021.08.01"]
[EventRounds "21"]
[EventCountry "GER"]

1. Nf3 {[%clk 0:03:03]} c5 {[%clk 0:03:03]} 2. g3 {[%clk 0:03:02]} Nf6 {[%clk
0:02:52]} 3. d3 {[%clk 0:03:03]} e6 {[%clk 0:02:52]} 4. Nbd2 {[%clk 0:03:04]} d5
{[%clk 0:03:04]} 5. e4 {[%clk 0:03:05]} Nc6 {[%clk 0:03:02]} 6. Bg2 {[%clk
0:03:06]} dxe4 {[%clk 0:02:57]} 7. dxe4 {[%clk 0:03:07]} Be7 {[%clk 0:02:56]} 8.
O-O {[%clk 0:03:07]} O-O {[%clk 0:02:55]} 9. Re1 {[%clk 0:02:59]} e5 {[%clk
0:02:33]} 10. c3 {[%clk 0:02:54]} Qc7 {[%clk 0:02:24]} 11. Qc2 {[%clk 0:02:49]}
h6 {[%clk 0:02:23]} 12. Bf1 {[%clk 0:02:40]} a6 {[%clk 0:01:59]} 13. Nc4 {[%clk
0:02:27]} b5 {[%clk 0:01:29]} 14. Ne3 {[%clk 0:02:28]} Rd8 {[%clk 0:01:15]} 15.
Nh4 {[%clk 0:02:02]} Be6 {[%clk 0:01:08]} 16. Nhf5 {[%clk 0:02:00]} Bf8 {[%clk
0:01:06]} 17. a4 {[%clk 0:01:55]} c4 {[%clk 0:00:53]} 18. axb5 {[%clk 0:01:51]}
axb5 {[%clk 0:00:54]} 19. Rxa8 {[%clk 0:01:52]} Rxa8 {[%clk 0:00:55]} 20. Bg2
{[%clk 0:01:42]} Rd8 {[%clk 0:00:53]} 21. Qe2 {[%clk 0:01:38]} Bc5 {[%clk
0:00:46]} 22. Qf3 {[%clk 0:01:37]} Bxe3 {[%clk 0:00:44]} 23. Bxe3 {[%clk
0:01:36]} Qd7 {[%clk 0:00:41]} 24. Nxh6+ {[%clk 0:01:35]} Kh7 {[%clk 0:00:24]}
25. Nf5 {[%clk 0:01:34]} g6 {[%clk 0:00:11]} 26. Nh4 {[%clk 0:01:17]} Qe7 {[%clk
0:00:12]} 27. Bg5 {[%clk 0:00:59]} Kg7 {[%clk 0:00:12]} 28. h3 {[%clk 0:00:56]}
Rh8 {[%clk 0:00:11]} 29. Qe3 {[%clk 0:00:51]} Qd7 {[%clk 0:00:06]} 30. Bxf6+
{[%clk 0:00:26]} Kxf6 {[%clk 0:00:08]} 31. Qf3+ {[%clk 0:00:27]} Kg7 {[%clk
0:00:09]} 32. Rd1 {[%clk 0:00:28]} Qe7 {[%clk 0:00:09]} 33. Qe3 {[%clk 0:00:27]}
Rh5 {[%clk 0:00:09]} 34. Qb6 {[%clk 0:00:24]} Nd8 {[%clk 0:00:07]} 35. Qxd8
{[%clk 0:00:24]} Qxd8 {[%clk 0:00:06]} 36. Rxd8 {[%clk 0:00:25]}  1-0

[Event "Deutsche Blitz-Einzelmeisterschaft der Frauen 2021"]
[Site "Magdeburg"]
[Date "2021.08.01"]
[Round "12"]
[Board "3"]
[White "Moenster, Madita"]
[Black "Mader, Lena"]
[Result "1-0"]
[WhiteElo "1889"]
[BlackElo "1689"]
[PlyCount "0"]
[EventDate "2021.08.01"]
[EventRounds "21"]
[EventCountry "GER"]

1. e4 {[%clk 0:03:00]} c6 {[%clk 0:03:00]} 2. Nf3 {[%clk 0:03:01]} d5 {[%clk
0:03:03]} 3. Nc3 {[%clk 0:03:02]} dxe4 {[%clk 0:03:04]} 4. Nxe4 {[%clk 0:03:03]}
Nf6 {[%clk 0:03:06]} 5. Ng3 {[%clk 0:02:59]} Bg4 {[%clk 0:03:07]} 6. h3 {[%clk
0:02:59]} Bxf3 {[%clk 0:03:08]} 7. Qxf3 {[%clk 0:02:59]} e6 {[%clk 0:03:06]} 8.
Bc4 {[%clk 0:02:57]} Be7 {[%clk 0:02:58]} 9. d3 {[%clk 0:02:46]} Nbd7 {[%clk
0:02:54]} 10. Bf4 {[%clk 0:02:48]} Nb6 {[%clk 0:02:54]} 11. Bb3 {[%clk 0:02:48]}
Nbd5 {[%clk 0:02:51]} 12. Be5 {[%clk 0:02:41]} a5 {[%clk 0:02:40]} 13. a3 {[%clk
0:02:37]} O-O {[%clk 0:02:30]} 14. O-O {[%clk 0:02:36]} b5 {[%clk 0:02:20]} 15.
a4 {[%clk 0:02:33]} Bd6 {[%clk 0:01:51]} 16. d4 {[%clk 0:02:21]} Rb8 {[%clk
0:01:22]} 17. axb5 {[%clk 0:02:14]} cxb5 {[%clk 0:01:21]} 18. c3 {[%clk 0:01:52]}
a4 {[%clk 0:01:15]} 19. Bc2 {[%clk 0:01:52]} Bxe5 {[%clk 0:01:08]} 20. dxe5
{[%clk 0:01:53]} Nd7 {[%clk 0:01:09]} 21. Qe4 {[%clk 0:01:50]} g6 {[%clk
0:01:07]} 22. Ne2 {[%clk 0:01:39]} Nc5 {[%clk 0:00:59]} 23. Qf3 {[%clk 0:01:31]}
Qc7 {[%clk 0:00:53]} 24. Qg3 {[%clk 0:01:27]} b4 {[%clk 0:00:36]} 25. Bxa4 {[%clk
0:01:18]} Nxa4 {[%clk 0:00:37]} 26. Rxa4 {[%clk 0:01:19]} bxc3 {[%clk 0:00:38]}
27. bxc3 {[%clk 0:01:20]} Nxc3 {[%clk 0:00:38]} 28. Nxc3 {[%clk 0:01:20]} Rb3
{[%clk 0:00:38]} 29. Nd5 {[%clk 0:01:01]} Qb8 {[%clk 0:00:04]} 30. Nf6+ {[%clk
0:01:00]} Kg7 {[%clk 0:00:05]} 31. Qh4 {[%clk 0:00:56]} h6 {[%clk 0:00:05]} 32.
Nd7 {[%clk 0:00:56]}  1-0

[Event "Deutsche Blitz-Einzelmeisterschaft der Frauen 2021"]
[Site "Magdeburg"]
[Date "2021.08.01"]
[Round "12"]
[Board "4"]
[White "Brunner, Sophia"]
[Black "Zschischang, Marine"]
[Result "1-0"]
[WhiteElo "1741"]
[BlackElo "2034"]
[PlyCount "0"]
[EventDate "2021.08.01"]
[EventRounds "21"]
[EventCountry "GER"]

1. d4 {[%clk 0:03:03]} e6 {[%clk 0:03:04]} 2. Nf3 {[%clk 0:03:02]} d5 {[%clk
0:03:05]} 3. g3 {[%clk 0:03:02]} c6 {[%clk 0:03:04]} 4. Bg2 {[%clk 0:03:03]} Be7
{[%clk 0:03:01]} 5. O-O {[%clk 0:03:04]} Nd7 {[%clk 0:03:02]} 6. b3 {[%clk
0:02:57]} f5 {[%clk 0:03:03]} 7. Bb2 {[%clk 0:02:58]} Ngf6 {[%clk 0:03:01]} 8.
Nbd2 {[%clk 0:02:59]} Ne4 {[%clk 0:03:02]} 9. c4 {[%clk 0:02:58]} g5 {[%clk
0:03:02]} 10. Rc1 {[%clk 0:02:35]} h5 {[%clk 0:03:00]} 11. Nxe4 {[%clk 0:02:30]}
fxe4 {[%clk 0:02:56]} 12. Ne5 {[%clk 0:02:20]} Nxe5 {[%clk 0:02:51]} 13. dxe5
{[%clk 0:02:31]} Bf8 {[%clk 0:02:23]} 14. Qc2 {[%clk 0:02:17]} Bg7 {[%clk
0:02:18]} 15. Rfd1 {[%clk 0:02:08]} Qe7 {[%clk 0:02:14]} 16. f3 {[%clk 0:01:31]}
exf3 {[%clk 0:02:09]} 17. Qg6+ {[%clk 0:01:24]} Qf7 {[%clk 0:02:01]} 18. Qxf7+
{[%clk 0:01:20]} Kxf7 {[%clk 0:02:02]} 19. exf3 {[%clk 0:01:09]} Bd7 {[%clk
0:01:53]} 20. c5 {[%clk 0:00:40]} Rhf8 {[%clk 0:01:43]} 21. Bd4 {[%clk 0:00:40]}
Kg6 {[%clk 0:01:39]} 22. Rf1 {[%clk 0:00:36]} Bh6 {[%clk 0:01:32]} 23. Rc2 {[%clk
0:00:28]} Kg7 {[%clk 0:01:26]} 24. Rcf2 {[%clk 0:00:23]} Kg6 {[%clk 0:01:09]} 25.
h3 {[%clk 0:00:11]} Rf7 {[%clk 0:01:10]} 26. Kh2 {[%clk 0:00:10]} Raf8 {[%clk
0:00:59]} 27. a3 {[%clk 0:00:09]} Bg7 {[%clk 0:01:07]} 28. a4 {[%clk 0:00:06]}
Rf5 {[%clk 0:01:04]} 29. f4 {[%clk 0:00:07]} gxf4 {[%clk 0:01:03]} 30. gxf4
{[%clk 0:00:08]} Bh6 {[%clk 0:01:00]} 31. Kg3 {[%clk 0:00:07]} Rg8 {[%clk
0:01:00]} 32. Be3 {[%clk 0:00:05]} Kf7+ {[%clk 0:01:00]} 33. Kh2 {[%clk 0:00:06]}
Rg7 {[%clk 0:00:53]} 34. Bf3 Ke7 {[%clk 0:00:53]} 35. Be2 h4 {[%clk 0:00:51]} 36.
Bd3 {[%clk 0:00:07]} Rf8 {[%clk 0:00:51]} 37. Rf3 {[%clk 0:00:07]} Rfg8 {[%clk
0:00:51]} 38. R1f2 {[%clk 0:00:04]} Rg1 {[%clk 0:00:48]} 39. Be2 {[%clk 0:00:03]}
Rb1 {[%clk 0:00:48]} 40. Bd3 {[%clk 0:00:03]} Rxb3 {[%clk 0:00:38]} 41. Bh7
{[%clk 0:00:04]} Rg7 {[%clk 0:00:49]} 42. Bc2 {[%clk 0:00:05]} Rb4 {[%clk
0:00:48]} 43. f5 {[%clk 0:00:06]} Bxe3 {[%clk 0:00:49]} 44. Rxe3 {[%clk 0:00:07]}
Rxa4 {[%clk 0:00:49]} 45. f6+ {[%clk 0:00:08]} Kf7 {[%clk 0:00:51]} 46. fxg7+
{[%clk 0:00:09]} Kxg7 {[%clk 0:00:52]} 47. Bxa4 {[%clk 0:00:11]} Be8 {[%clk
0:00:51]} 48. Rf6 {[%clk 0:00:12]} Bf7 {[%clk 0:00:52]} 49. Ref3 {[%clk 0:00:13]}
Bg8 {[%clk 0:00:53]} 50. R3f4 {[%clk 0:00:14]} b5 {[%clk 0:00:53]} 51. cxb6
{[%clk 0:00:15]} axb6 {[%clk 0:00:54]} 52. Bxc6 {[%clk 0:00:17]} Kh7 {[%clk
0:00:52]} 53. Rxh4+ {[%clk 0:00:18]} Kg7 {[%clk 0:00:53]} 54. Rg4+ {[%clk
0:00:18]} Kh7 {[%clk 0:00:55]} 55. Rxg8 {[%clk 0:00:18]} Kxg8 {[%clk 0:00:56]}
56. Rxe6 {[%clk 0:00:18]}  1-0

[Event "Deutsche Blitz-Einzelmeisterschaft der Frauen 2021"]
[Site "Magdeburg"]
[Date "2021.08.01"]
[Round "12"]
[Board "6"]
[White "Noll, Sonja"]
[Black "Zeller, Elisa"]
[Result "0-1"]
[WhiteElo "1707"]
[BlackElo "1917"]
[PlyCount "0"]
[EventDate "2021.08.01"]
[EventRounds "21"]
[EventCountry "GER"]

1. e4 {[%clk 0:03:03]} e6 {[%clk 0:03:04]} 2. Nf3 {[%clk 0:03:04]} d5 {[%clk
0:03:04]} 3. exd5 {[%clk 0:03:03]} exd5 {[%clk 0:03:03]} 4. d4 {[%clk 0:03:05]}
Nf6 {[%clk 0:03:04]} 5. h3 {[%clk 0:03:05]} Bd6 {[%clk 0:03:04]} 6. Bd3 {[%clk
0:03:05]} O-O {[%clk 0:03:01]} 7. O-O {[%clk 0:03:06]} Nbd7 {[%clk 0:03:02]} 8.
c3 {[%clk 0:03:04]} c5 {[%clk 0:03:03]} 9. Be3 {[%clk 0:03:03]} b6 {[%clk
0:03:02]} 10. Nbd2 {[%clk 0:03:01]} Bb7 {[%clk 0:03:03]} 11. Re1 {[%clk 0:02:50]}
Qc7 {[%clk 0:03:02]} 12. Qc2 {[%clk 0:02:57]} h6 {[%clk 0:02:58]} 13. a3 {[%clk
0:02:54]} Rac8 {[%clk 0:02:52]} 14. Rac1 {[%clk 0:02:51]} Qb8 {[%clk 0:02:50]}
15. Bb5 {[%clk 0:02:29]} a6 {[%clk 0:02:36]} 16. Be2 {[%clk 0:02:26]} b5 {[%clk
0:02:29]} 17. Qb1 {[%clk 0:02:21]} c4 {[%clk 0:02:28]} 18. Bd1 {[%clk 0:02:10]}
Rce8 {[%clk 0:02:23]} 19. Bc2 {[%clk 0:02:08]} Bc8 {[%clk 0:02:22]} 20. b3 {[%clk
0:02:04]} Bxa3 {[%clk 0:02:15]} 21. Rcd1 {[%clk 0:02:05]} Bd6 {[%clk 0:02:14]}
22. bxc4 {[%clk 0:02:04]} dxc4 {[%clk 0:02:14]} 23. Bf5 {[%clk 0:02:01]} Nb6
{[%clk 0:02:07]} 24. Bxc8 {[%clk 0:01:54]} Qxc8 {[%clk 0:02:07]} 25. Qa2 {[%clk
0:01:33]} Nbd5 {[%clk 0:01:59]} 26. Nb1 {[%clk 0:01:29]} Ne4 {[%clk 0:01:54]} 27.
Bd2 {[%clk 0:01:11]} Bf4 {[%clk 0:01:41]} 28. Bxf4 {[%clk 0:01:05]} Nxf4 {[%clk
0:01:41]} 29. Ne5 {[%clk 0:01:01]} Ng5 {[%clk 0:01:13]} 30. Qd2 {[%clk 0:00:56]}
Qf5 {[%clk 0:00:58]} 31. g4 {[%clk 0:00:42]} Nfxh3+ {[%clk 0:00:51]} 32. Kh2
{[%clk 0:00:41]} Qxf2+ {[%clk 0:00:47]} 33. Kh1 {[%clk 0:00:39]} Qxd2 {[%clk
0:00:41]} 34. Rxd2 {[%clk 0:00:40]} f6 {[%clk 0:00:37]} 35. Ng6 {[%clk 0:00:39]}
Rxe1+ {[%clk 0:00:37]} 36. Kg2 {[%clk 0:00:40]} Rfe8 {[%clk 0:00:32]} 37. Na3
{[%clk 0:00:41]} R8e2+ {[%clk 0:00:31]} 38. Rxe2 {[%clk 0:00:42]} Rxe2+ {[%clk
0:00:32]} 39. Kf1 {[%clk 0:00:40]} Ra2 {[%clk 0:00:32]}  0-1